00845nam a2200277 i 4500001000300000003000400003005001700007008003900024020001500063040000800078041000800086080001300094080001500107080000900122100002100131245008600152250002700238260003300265300004200298504001400340650004100354655001700395710003200412700002500444856009800469bgBPK20200428082249.0 s2006 pl f f |000 0 pol a8321341985 cBPK0 apol a69:728.3 a624.01/.07 a(07)1 aMichalak, Hanna.10aDomy jednorodzinne :bkonstruowanie i obliczanie /cHanna Michalak, Stefan Pyrak. aWyd. zaktual. (dodr.). aWarszawa :b"Arkady",c2006. a339, [1] s. :b2 mapy, rys. ;c24 cm. aBibliogr. 4aBudownictwo jednorodzinnexprojekty. 4aPodręcznik aWydawnictwo "Arkady".4pbl.1 aPyrak, StefaneAutor uhttp://koha.tu.koszalin.pl/cgi-bin/koha/opac-detail.pl?biblionumber=53386yKatalog online BPK